000 00519nam a2200181Ia 4500
005 20250923145410.0
008 008 250917s9999 xx 000 0 eng d
037 _aTextual
040 _aDSWL
_beng
_cDSWL
041 _aeng
_2eng
084 _aO111,3, N58
_qDSWL
100 _aNarayan, R.K.
_9834892
245 0 _aFinancial Expert
_c by R.K. Narayan
260 _aMysore
_bIndian Thought Publication
_c1958
300 _avxi,177p.
942 _cTEXL
_hO111,3, N58
999 _c1450891
_d1450891